Music Quiz

Random Music or Rock Quiz

Rock albums Quiz Stats

 Plays Quiz not verified by Sporcle

Score 0/30 Timer 05:00
0 Plays Today
Hint Answer % Correct
Rage Against the Machine (1992)Rage Against the Machine
97.7%
In Utero (1993)Nirvana
95.5%
Slippery When Wet (1986)Bon Jovi
90.9%
Ten (1991)Pearl Jam
90.9%
Who's Next (1971)The Who
90.9%
Physical Graffiti (1975)Led Zeppelin
90.9%
Please Please Me (1963)The Beatles
88.6%
Electric Ladyland (1968)Jimi Hendrix
88.6%
Exile on Main St (1972)The Rolling Stones
88.6%
Hysteria (1987)Def Leppard
77.3%
Definitely Maybe (1994)Oasis
77.3%
Death Magnetic (2008)Metallica
77.3%
Aladdin Sane (1973)David Bowie
77.3%
Harvest (1972)Neil Young
75%
Badmotorfinger (1991)Soundgarden
68.2%
Hint Answer % Correct
Rust In Peace (1990)Megadeth
59.1%
Full Moon Fever (1989)Tom Petty
59.1%
If You Want Blood (You've Got It) (1978)AC
54.5%
Core (1992)Stone Temple Pilots
52.3%
Lies (1988)Guns N Roses
50%
Powerslave (1984)Iron Maiden
47.7%
Overkill (1979)Motorhead
47.7%
Black Gives Way To Blue (2009)Alice In Chains
45.5%
We Care A Lot (1985)Faith No More
40.9%
Bolan's Zip Gun (1975)T Rex
36.4%
Loving You (1957)Elvis Presley
34.1%
The Endless River (2014)Pink Floyd
31.8%
Communique (1979)Dire Straits
31.8%
The Holy Bible (1994)Manic Street Preachers
22.7%
Doremi Fasol Latido (1972)Hawkwind
9.1%

You're not logged in!

Compare scores with friends on all Sporcle quizzes.
OR
Log In

Show Comments

Extras

Created Aug 23, 2015ReportNominate
Tags:Album Quiz, Rock Quiz

Top Quizzes Today


Score Distribution

Your Account Isn't Verified!

In order to create a playlist on Sporcle, you need to verify the email address you used during registration. Go to your Sporcle Settings to finish the process.

Report this User

Report this user for behavior that violates our Community Guidelines.

Details: